[Event "RD-2016-0-00130"]
[Site "LSS email"]
[Date "2016.07.11"]
[Round "?"]
[White "Rodriguez, Elsiomo"]
[Black "Stadler, Pavel"]
[Result "1-0"]
[WhiteElo "1661"]
[BlackElo "1415"]
[PlyCount "83"]
[EventDate "2016.02.12"]
[EventType "tourn (corr)"]
[EventRounds "6"]
[EventCountry "GER"]
[SourceTitle "Corr 2022"]
[Source "ChessBase"]
[SourceDate "2021.10.24"]
[SourceVersion "1"]
[SourceVersionDate "2021.10.24"]
[SourceQuality "1"]

1. e4 e5 2. Nf3 Nc6 3. d4 exd4 4. Nxd4 Nf6 5. Nxc6 bxc6 6. e5 Qe7 7. Qe2 Nd5 8. c4 Ba6 9. b3 g6 10. f4 Bg7 11. Qf2 Nf6 12. Be2 Ne4 13. Qe3 f5 14. Ba3 d6 15. Nc3 Nxc3 16. Qxc3 Bb7 17. Bf3 0-0-0 18. Qa5 Qe6 19. 0-0-0 dxe5 20. Bb2 Rhe8 21. Rxd8+ Rxd8 22. Re1 c5 23. Bxb7+ Kxb7 24. Qxc5 Qd6 25. Qxd6 cxd6 26. fxe5 dxe5 27. Bxe5 Bh6+ 28. Kb1 Rd2 29. Bc3 Rxg2 30. Re7+ Kc6 31. Rxa7 Be3 32. Rxh7 f4 33. Rf7 Rxh2 34. a4 g5 35. b4 Bd2 36. Bxd2 Rxd2 37. a5 Rd4 38. b5+ Kd6 39. a6 Rxc4 40. a7 Ra4 41. Rf6+ Kc7 42. Ra6 1-0

[Event "RD-2016-0-00130"]
[Site "LSS email"]
[Date "2016.07.11"]
[Round "?"]
[White "Rodriguez, Elsiomo"]
[Black "Stefanski, Robert"]
[Result "1/2-1/2"]
[WhiteElo "1661"]
[BlackElo "1672"]
[PlyCount "79"]
[EventDate "2016.02.12"]
[EventType "tourn (corr)"]
[EventRounds "6"]
[EventCountry "GER"]
[SourceTitle "Corr 2022"]
[Source "ChessBase"]
[SourceDate "2021.10.24"]
[SourceVersion "1"]
[SourceVersionDate "2021.10.24"]
[SourceQuality "1"]

1. e4 e5 2. Nf3 Nc6 3. d4 exd4 4. Nxd4 Bc5 5. Nb3 Bb6 6. Nc3 Nf6 7. Qe2 0-0 8. Bg5 h6 9. Bh4 d6 10. 0-0-0 Re8 11. f3 Be6 12. Na4 Bxb3 13. axb3 Ne5 14. Kb1 c6 15. f4 Ng6 16. Bxf6 Qxf6 17. Nxb6 axb6 18. g3 b5 19. Bg2 Nf8 20. Qd2 Rad8 21. Rhe1 Ne6 22. Re3 Nc5 23. Bf3 Na6 24. Rd3 Qg6 25. Rxd6 Rxd6 26. Qxd6 Qxd6 27. Rxd6 Kf8 28. e5 Ke7 29. Bg4 Rd8 30. Rxd8 Kxd8 31. Kc1 Nc7 32. Kd2 Ke7 33. Kd3 c5 34. h4 f6 35. Ke4 Kf7 36. c3 g6 37. Bf3 Ke6 38. exf6 Kxf6 39. g4 Ke6 40. g5 1/2-1/2

[Event "RD-2016-0-00129"]
[Site "LSS email"]
[Date "2016.05.30"]
[Round "?"]
[White "Rodriguez, Elsiomo"]
[Black "Ranalli, Emmanuel"]
[Result "1-0"]
[WhiteElo "1687"]
[BlackElo "1769"]
[PlyCount "34"]
[EventDate "2016.01.21"]
[EventType "tourn (corr)"]
[EventRounds "6"]
[EventCountry "GER"]
[SourceTitle "Corr 2022"]
[Source "ChessBase"]
[SourceDate "2021.10.24"]
[SourceVersion "1"]
[SourceVersionDate "2021.10.24"]
[SourceQuality "1"]

1. e4 d5 2. exd5 Qxd5 3. Nc3 Qd8 4. d4 c6 5. Ne4 Bf5 6. Ng3 Bg6 7. h4 h6 8. Nf3 Nd7 9. h5 Bh7 10. Bd3 Bxd3 11. Qxd3 Ngf6 12. Bf4 e6 13. 0-0-0 Qa5 14. Kb1 Nd5 15. Bd2 Bb4 16. c3 Be7 17. c4 Qa6 1-0

[Event "OP-2016-0-04026"]
[Site "LSS email"]
[Date "2016.04.23"]
[Round "?"]
[White "Rodriguez, Elsiomo"]
[Black "Hlavacek, Ladislav"]
[Result "1/2-1/2"]
[WhiteElo "1639"]
[BlackElo "1950"]
[PlyCount "96"]
[EventDate "2016.04.20"]
[EventType "tourn (corr)"]
[EventRounds "4"]
[EventCountry "GER"]
[SourceTitle "Corr 2022"]
[Source "ChessBase"]
[SourceDate "2021.10.24"]
[SourceVersion "1"]
[SourceVersionDate "2021.10.24"]
[SourceQuality "1"]

1. e4 e5 2. Nf3 Nc6 3. d4 exd4 4. Nxd4 Nf6 5. Nxc6 bxc6 6. e5 Qe7 7. Qe2 Nd5 8. c4 Ba6 9. b3 Qh4 10. a3 Bc5 11. g3 Bxf2+ 12. Qxf2 Qe4+ 13. Kd1 Qxh1 14. Nd2 f6 15. e6 dxe6 16. Kc2 0-0-0 17. Bb2 Ne3+ 18. Qxe3 Qxh2 19. Re1 Bb7 20. Bd4 a6 21. Ba7 Rhe8 22. Bd3 c5 23. Kc3 f5 24. Bxc5 g6 25. Qe5 h5 26. Be3 h4 27. Bf4 Rd7 28. gxh4 Qxh4 29. Rg1 Red8 30. Bc2 Qf2 31. Rxg6 Qd4+ 32. Qxd4 Rxd4 33. Be3 Rg4 34. Rxe6 f4 35. Bf2 Rg2 36. Be1 f3 37. Be4 Bxe4 38. Nxe4 Re2 39. Bh4 Rh8 40. Bf2 Rh2 41. Re8+ Kd7 42. Nf6+ Kc6 43. Rxe2 fxe2 44. Be1 Rh3+ 45. Kc2 a5 46. Nd5 a4 47. bxa4 Rxa3 48. Kd2 Kc5 1/2-1/2

[Event "SD-2016-0-00254"]
[Site "LSS email"]
[Date "2016.03.20"]
[Round "?"]
[White "Linart, Ludvik"]
[Black "Rodriguez, Elsiomo"]
[Result "0-1"]
[WhiteElo "1598"]
[BlackElo "1691"]
[PlyCount "66"]
[EventDate "2016.01.26"]
[EventType "tourn (corr)"]
[EventRounds "6"]
[EventCountry "GER"]
[SourceTitle "Corr 2022"]
[Source "ChessBase"]
[SourceDate "2021.10.24"]
[SourceVersion "1"]
[SourceVersionDate "2021.10.24"]
[SourceQuality "1"]

1. d4 e6 2. e4 d5 3. exd5 exd5 4. Nf3 Nf6 5. Bd3 Bd6 6. 0-0 0-0 7. Re1 Bg4 8. h3 Bh5 9. c3 Nbd7 10. Bg5 c5 11. Nbd2 c4 12. Bf5 Qc7 13. Qc2 Rfe8 14. b3 b5 15. bxc4 bxc4 16. Rab1 Rxe1+ 17. Rxe1 Rb8 18. Nh4 Bh2+ 19. Kh1 Bf4 20. Ndf3 Bxg5 21. Nxg5 Nf8 22. Qc1 Qb6 23. Qf4 Rb7 24. g4 Bg6 25. Rb1 Qxb1+ 26. Bxb1 Rxb1+ 27. Kh2 h6 28. Ngf3 Ne6 29. Qd6 Bd3 30. Ne5 Rb2 31. Nhf3 Rxf2+ 32. Kg1 Rf1+ 33. Kg2 Nf4+ 0-1

[Event "SD-2016-0-00254"]
[Site "LSS email"]
[Date "2016.03.20"]
[Round "?"]
[White "Rodriguez, Elsiomo"]
[Black "Helmbrecht, John R"]
[Result "1-0"]
[WhiteElo "1691"]
[BlackElo "1441"]
[PlyCount "51"]
[EventDate "2016.01.26"]
[EventType "tourn (corr)"]
[EventRounds "6"]
[EventCountry "GER"]
[SourceTitle "Corr 2022"]
[Source "ChessBase"]
[SourceDate "2021.10.24"]
[SourceVersion "1"]
[SourceVersionDate "2021.10.24"]
[SourceQuality "1"]

1. e4 e5 2. f4 exf4 3. Nf3 d6 4. d4 g5 5. h4 g4 6. Ng1 Qf6 7. Nc3 Ne7 8. Nge2 Bh6 9. Qd2 Nbc6 10. Nb5 Kd8 11. e5 Qe6 12. Nxf4 Bxf4 13. Qxf4 a6 14. Nc3 Bd7 15. Be3 dxe5 16. dxe5 Qxe5 17. Qxe5 Nxe5 18. Bg5 N5c6 19. Bc4 Be6 20. 0-0-0+ Kc8 21. Bxe6+ fxe6 22. Rhe1 e5 23. Rf1 b5 24. Rf7 Re8 25. Rxh7 Kb7 26. Rd7 1-0

[Event "SD-2016-0-00254"]
[Site "LSS email"]
[Date "2016.03.20"]
[Round "?"]
[White "Rodriguez, Elsiomo"]
[Black "Stasilo, Tymoteusz"]
[Result "1-0"]
[WhiteElo "1691"]
[BlackElo "1558"]
[PlyCount "140"]
[EventDate "2016.01.26"]
[EventType "tourn (corr)"]
[EventRounds "6"]
[EventCountry "GER"]
[SourceTitle "Corr 2022"]
[Source "ChessBase"]
[SourceDate "2021.10.24"]
[SourceVersion "1"]
[SourceVersionDate "2021.10.24"]
[SourceQuality "1"]

1. e4 d5 2. exd5 Nf6 3. Nf3 Nxd5 4. d4 g6 5. c4 Nb6 6. Nc3 Bg7 7. h3 Nc6 8. Be3 0-0 9. Qd2 e5 10. d5 Ne7 11. g4 e4 12. Nxe4 f5 13. Nc5 fxg4 14. Ng5 g3 15. Nce6 Bxe6 16. Nxe6 Qd6 17. Nxf8 Rxf8 18. c5 Qxd5 19. Qxd5+ Nbxd5 20. Bc4 Kh8 21. 0-0 Nxe3 22. fxe3 Nf5 23. Rad1 Bf6 24. Rd7 Nxe3 25. Rf4 Be7 26. Rxf8+ Bxf8 27. Rxc7 Nxc4 28. b4 a5 29. Rxb7 Ne5 30. a3 axb4 31. axb4 h5 32. Kg2 h4 33. Rb8 Kg7 34. Re8 Nd3 35. Re4 Kf6 36. Rxh4 Ke6 37. Rd4 Ne5 38. Rd8 Be7 39. Rd2 g5 40. Kxg3 Bf8 41. Rd8 Be7 42. Rb8 Kd7 43. Rb6 Nd3 44. Rb7+ Ke6 45. Kf3 Bf8 46. Ke4 Nf2+ 47. Kd4 Nxh3 48. Rh7 Nf4 49. b5 g4 50. c6 Nd5 51. c7 Nb6 52. Rh8 Bd6 53. c8Q+ Nxc8 54. Rxc8 g3 55. b6 Kd7 56. Rc2 Be7 57. b7 Bd6 58. Ke4 Bc7 59. Kf3 Kd8 60. Rd2+ Ke7 61. Kg2 Bf4 62. Rc2 Bd6 63. Rc8 Be5 64. b8Q Bxb8 65. Rxb8 Kd6 66. Kxg3 Ke5 67. Rb4 Kf5 68. Ra4 Ke5 69. Kf3 Kd5 70. Ke3 Kc5 1-0

[Event "RD-2016-0-00127"]
[Site "LSS email"]
[Date "2016.03.16"]
[Round "?"]
[White "Richter, Klaus"]
[Black "Rodriguez, Elsiomo"]
[Result "1/2-1/2"]
[WhiteElo "1708"]
[BlackElo "1723"]
[PlyCount "99"]
[EventDate "2015.11.18"]
[EventType "tourn (corr)"]
[EventRounds "6"]
[EventCountry "GER"]
[SourceTitle "Corr 2022"]
[Source "ChessBase"]
[SourceDate "2021.10.24"]
[SourceVersion "1"]
[SourceVersionDate "2021.10.24"]
[SourceQuality "1"]

1. d4 d5 2. e4 e6 3. Nc3 Nf6 4. Bg5 Bb4 5. e5 h6 6. Bd2 Bxc3 7. bxc3 Ne4 8. Qg4 Kf8 9. h4 c5 10. Bd3 Nxd2 11. Kxd2 c4 12. Be2 Nc6 13. Rh3 b5 14. Qf4 Bd7 15. Bh5 Be8 16. Ne2 Kg8 17. Rg3 Kh7 18. Bxf7 Rf8 19. Bg6+ Bxg6 20. Qg4 Qe8 21. h5 Ne7 22. hxg6+ Nxg6 23. f4 Rb8 24. Rf1 Qf7 25. Qh5 Ne7 26. Qxf7 Rxf7 27. Rgf3 Rb6 28. g4 g6 29. Ng3 Ra6 30. f5 gxf5 31. gxf5 Nxf5 32. Nxf5 Rxf5 33. Rxf5 exf5 34. Rxf5 Kg6 35. Rf8 h5 36. Rh8 Rxa2 37. Rd8 h4 38. Rg8+ Kf5 39. Rf8+ Ke6 40. Rf6+ Ke7 41. Rh6 a5 42. Rh7+ Ke6 43. Rxh4 b4 44. Rh6+ Ke7 45. Rh7+ Ke8 46. cxb4 axb4 47. Kd1 Ra1+ 48. Ke2 Rg1 49. Rb7 Rg4 50. Rxb4 1/2-1/2

[Event "OP-2016-0-03957"]
[Site "LSS email"]
[Date "2016.02.14"]
[Round "?"]
[White "Meijers, John"]
[Black "Rodriguez, Elsiomo"]
[Result "0-1"]
[WhiteElo "935"]
[BlackElo "1668"]
[PlyCount "56"]
[EventDate "2016.02.10"]
[EventType "tourn (corr)"]
[EventRounds "4"]
[EventCountry "GER"]
[SourceTitle "Corr 2022"]
[Source "ChessBase"]
[SourceDate "2021.10.24"]
[SourceVersion "1"]
[SourceVersionDate "2021.10.24"]
[SourceQuality "1"]

1. e4 e6 2. d4 d5 3. e5 c5 4. c3 Nc6 5. Nf3 Qb6 6. b3 cxd4 7. cxd4 Bb4+ 8. Nbd2 Bc3 9. Rb1 Nxd4 10. Be2 Nxf3+ 11. Bxf3 Bxe5 12. 0-0 Ne7 13. Re1 Bd6 14. Bh5 0-0 15. Qg4 g6 16. Qg5 f6 17. Qg4 e5 18. Nf3 Bxg4 19. Bxg4 f5 20. Bh3 e4 21. Re3 exf3 22. Rxf3 Qa5 23. Bh6 Qxa2 24. Re1 Rfe8 25. Bg5 Nc6 26. Rfe3 Bc5 27. g3 Bxe3 28. Bxe3 d4 0-1

[Event "OP-2016-0-03957"]
[Site "LSS email"]
[Date "2016.02.14"]
[Round "?"]
[White "Rodriguez, Elsiomo"]
[Black "Velasco, Jose"]
[Result "1/2-1/2"]
[WhiteElo "1668"]
[BlackElo "1791"]
[PlyCount "85"]
[EventDate "2016.02.10"]
[EventType "tourn (corr)"]
[EventRounds "4"]
[EventCountry "GER"]
[SourceTitle "Corr 2022"]
[Source "ChessBase"]
[SourceDate "2021.10.24"]
[SourceVersion "1"]
[SourceVersionDate "2021.10.24"]
[SourceQuality "1"]

1. e4 c5 2. Nf3 d6 3. d4 cxd4 4. Qxd4 Nc6 5. Bb5 Bd7 6. Bxc6 Bxc6 7. c4 Nf6 8. Nc3 g6 9. 0-0 Bg7 10. Qd3 0-0 11. Nd4 Qb6 12. Nxc6 Qxc6 13. Bf4 Nd7 14. Rac1 f5 15. Qd5+ Kh8 16. Rfd1 fxe4 17. Bg5 Nf6 18. Qe6 Qc5 19. Be3 Qf5 20. Qxe7 Rae8 21. Qxd6 Ng4 22. Bd4 Rf7 23. Bxg7+ Kxg7 24. Rd2 Qg5 25. Qd4+ Kg8 26. h3 Nxf2 27. h4 Nh3+ 28. Kh2 Qxh4 29. gxh3 Rf3 30. Qd5+ Kh8 31. Qd7 Rf2+ 32. Kh1 Rxd2 33. Qxd2 Qxh3+ 34. Qh2 Qf3+ 35. Qg2 Qh5+ 36. Kg1 Qc5+ 37. Kh2 Re5 38. Qd2 Rh5+ 39. Kg2 Rg5+ 40. Kh1 Rh5+ 41. Kg2 Rg5+ 42. Kh1 Rh5+ 43. Kg2 1/2-1/2

[Event "WC-2016-P-00013"]
[Site "LSS email"]
[Date "2016.01.22"]
[Round "?"]
[White "Rodriguez, Elsiomo"]
[Black "Perez Pupo, Juan Rafael"]
[Result "0-1"]
[WhiteElo "1691"]
[BlackElo "2313"]
[PlyCount "98"]
[EventDate "2016.01.28"]
[EventType "tourn (corr)"]
[EventRounds "12"]
[EventCountry "GER"]
[SourceTitle "Corr 2022"]
[Source "ChessBase"]
[SourceDate "2021.10.24"]
[SourceVersion "1"]
[SourceVersionDate "2021.10.24"]
[SourceQuality "1"]

1. e4 d6 2. d4 Nf6 3. Nc3 g6 4. f4 Bg7 5. Nf3 0-0 6. Bd3 Na6 7. Bxa6 bxa6 8. 0-0 Rb8 9. e5 Nd7 10. b3 c5 11. Be3 Bb7 12. Qd3 Bxf3 13. Rxf3 cxd4 14. Bxd4 dxe5 15. Bxa7 Rb7 16. Bf2 exf4 17. Rd1 Qc8 18. Qxa6 Nb8 19. Qa5 Nc6 20. Qa6 Nb4 21. Qc4 Qxc4 22. bxc4 Ra8 23. a3 Rxa3 24. Rd8+ Bf8 25. Bc5 f5 26. Nd5 Rxf3 27. gxf3 Nxd5 28. cxd5 Kf7 29. Rc8 g5 30. Rc6 Bg7 31. Kg2 Rb2 32. Ba3 Ra2 33. Bb4 Ra4 34. Rb6 Ra7 35. Rc6 Bd4 36. h3 h5 37. d6 exd6 38. h4 g4 39. Bxd6 Ra1 40. fxg4 Rg1+ 41. Kf3 hxg4+ 42. Kxf4 Rf1+ 43. Kg5 Bf6+ 44. Kh5 Rh1 45. Rc7+ Ke6 46. Bg3 Be5 47. Bxe5 Kxe5 48. Rc5+ Ke4 49. Rc3 Rh3 0-1

[Event "LSS No Engine Cup 129 Final"]
[Site "LSS email"]
[Date "2016.01.04"]
[Round "?"]
[White "Rodriguez, Elsiomo"]
[Black "Van Bommel, Ton"]
[Result "1/2-1/2"]
[WhiteElo "1613"]
[BlackElo "2284"]
[PlyCount "72"]
[EventDate "2016.01.05"]
[EventType "tourn (corr)"]
[EventRounds "6"]
[EventCountry "GER"]
[SourceTitle "Corr 2022"]
[Source "ChessBase"]
[SourceDate "2021.10.24"]
[SourceVersion "1"]
[SourceVersionDate "2021.10.24"]
[SourceQuality "1"]

1. e4 d6 2. d4 Nf6 3. Bd3 e5 4. c3 Nbd7 5. Nf3 d5 6. Nbd2 exd4 7. cxd4 dxe4 8. Nxe4 Nxe4 9. Bxe4 Nf6 10. Bd3 Bb4+ 11. Bd2 Qe7+ 12. Ne5 Bxd2+ 13. Qxd2 Be6 14. 0-0 0-0-0 15. Rfe1 Qd6 16. Rad1 Rhe8 17. Bf1 g6 18. b3 Nd5 19. Bc4 f6 20. Nd3 b6 21. Rc1 g5 22. h3 Bf7 23. a4 Rxe1+ 24. Qxe1 h5 25. a5 Kb8 26. Bxd5 Bxd5 27. Nb4 bxa5 28. Nxd5 Qxd5 29. Rc4 h4 30. Qe3 a6 31. Qc3 Rd7 32. Rc6 Qxd4 33. Qxa5 Qf4 34. Qa1 Rd6 35. Rxa6 Rxa6 36. Qxa6 Qf5 1/2-1/2

[Event "RD-2015-0-00124"]
[Site "LSS email"]
[Date "2015.12.05"]
[Round "?"]
[White "Rodriguez, Elsiomo"]
[Black "Csernus, Robert"]
[Result "0-1"]
[WhiteElo "1752"]
[BlackElo "1679"]
[PlyCount "68"]
[EventDate "2015.09.19"]
[EventType "tourn (corr)"]
[EventRounds "6"]
[EventCountry "GER"]
[SourceTitle "Corr 2022"]
[Source "ChessBase"]
[SourceDate "2021.10.24"]
[SourceVersion "1"]
[SourceVersionDate "2021.10.24"]
[SourceQuality "1"]

1. e4 e6 2. d4 d5 3. Bd3 dxe4 4. Bxe4 Nf6 5. Bf3 c5 6. Ne2 Nc6 7. Be3 cxd4 8. Nxd4 Ne5 9. 0-0 Be7 10. Be2 0-0 11. c4 Qc7 12. Nb5 Qb8 13. h3 b6 14. Nd2 Bb7 15. Qb3 Ng6 16. Rfd1 Nh4 17. Bg5 Nf5 18. g4 a6 19. gxf5 axb5 20. fxe6 fxe6 21. Be3 bxc4 22. Bxc4 Nd5 23. Bxd5 Bxd5 24. Nc4 Qe8 25. Rxd5 exd5 26. Nxb6 Qg6+ 27. Kf1 Rab8 28. Qxd5+ Kh8 29. Re1 Rxb6 30. Bxb6 Qxb6 31. Re2 Bc5 32. f3 Bd4 33. Qe4 Qf6 34. a4 Bxb2 0-1

[Event "RD-2015-0-00123"]
[Site "LSS email"]
[Date "2015.11.19"]
[Round "?"]
[White "Rodriguez, Elsiomo"]
[Black "Van der Meer, Heine"]
[Result "1/2-1/2"]
[WhiteElo "1752"]
[BlackElo "1640"]
[PlyCount "69"]
[EventDate "2015.09.15"]
[EventType "tourn (corr)"]
[EventRounds "6"]
[EventCountry "GER"]
[SourceTitle "Corr 2022"]
[Source "ChessBase"]
[SourceDate "2021.10.24"]
[SourceVersion "1"]
[SourceVersionDate "2021.10.24"]
[SourceQuality "1"]

1. e4 c6 2. d4 d5 3. e5 Bf5 4. Nf3 e6 5. Be2 c5 6. Be3 Qb6 7. Nc3 Nc6 8. 0-0 Qxb2 9. Nb5 c4 10. Nc7+ Kd7 11. Nxa8 Bxc2 12. Qd2 Bb4 13. Rfb1 Qxb1+ 14. Rxb1 Bxd2 15. Rxb7+ Kc8 16. Rc7+ Kb8 17. Nxd2 Nge7 18. Bg5 Re8 19. Bh5 g6 20. Nxc4 dxc4 21. Bf3 Ba4 22. Rd7 h6 23. Nc7 Kc8 24. Bxc6 Bxc6 25. Rxe7 Rxe7 26. Bxe7 Kxc7 27. f3 c3 28. Kf2 c2 29. Ba3 Bd5 30. Bc1 Bxa2 31. Bxh6 Kc6 32. Ke2 Kd5 33. Kd3 Bb1 34. Bc1 a6 35. h4 1/2-1/2

[Event "RD-2015-0-00120"]
[Site "LSS email"]
[Date "2015.09.20"]
[Round "?"]
[White "Esin, Maxim"]
[Black "Rodriguez, Elsiomo"]
[Result "1-0"]
[WhiteElo "1744"]
[BlackElo "1757"]
[PlyCount "57"]
[EventDate "2015.07.20"]
[EventType "tourn (corr)"]
[EventRounds "6"]
[EventCountry "GER"]
[SourceTitle "Corr 2022"]
[Source "ChessBase"]
[SourceDate "2021.10.24"]
[SourceVersion "1"]
[SourceVersionDate "2021.10.24"]
[SourceQuality "1"]

1. d4 e6 2. c4 d5 3. Nf3 Nf6 4. Nc3 c6 5. Bg5 h6 6. Bh4 dxc4 7. e4 g5 8. Bg3 b5 9. Be2 Bb7 10. Qc2 Nbd7 11. Rd1 Nh5 12. d5 Nxg3 13. hxg3 Bg7 14. dxe6 fxe6 15. e5 Qe7 16. Qg6+ Kd8 17. Nd4 Bxe5 18. Nxe6+ Kc8 19. Rxh6 Rxh6 20. Qxh6 Kb8 21. f4 gxf4 22. gxf4 Bc7 23. Qh8+ Bc8 24. Nd4 Kb7 25. Nxc6 Kxc6 26. Nd5 Qf8 27. Qd4 Kb7 28. Bf3 Ba5+ 29. Nc3+ 1-0

[Event "RD-2015-0-00120"]
[Site "LSS email"]
[Date "2015.09.19"]
[Round "?"]
[White "Rodriguez, Elsiomo"]
[Black "Stadler, Pavel"]
[Result "1-0"]
[WhiteElo "1757"]
[BlackElo "1481"]
[PlyCount "69"]
[EventDate "2015.07.20"]
[EventType "tourn (corr)"]
[EventRounds "6"]
[EventCountry "GER"]
[SourceTitle "Corr 2022"]
[Source "ChessBase"]
[SourceDate "2021.10.24"]
[SourceVersion "1"]
[SourceVersionDate "2021.10.24"]
[SourceQuality "1"]

1. e4 c5 2. Nf3 d6 3. d4 cxd4 4. Qxd4 Nc6 5. Bb5 Bd7 6. Bxc6 Bxc6 7. c4 Nf6 8. Nc3 g6 9. 0-0 Bg7 10. Qd3 0-0 11. Nd4 Rc8 12. b3 Nd7 13. Be3 Nc5 14. Qc2 a6 15. Rad1 Qc7 16. Rfe1 b5 17. Nd5 Bxd5 18. cxd5 Rfe8 19. Nc6 e6 20. Bxc5 dxc5 21. Qxc5 exd5 22. exd5 Rxe1+ 23. Rxe1 Bf8 24. Qe3 Qd6 25. Qf3 h5 26. h4 f5 27. Re6 Rxc6 28. Rxd6 Rc1+ 29. Kh2 Bxd6+ 30. g3 Rc2 31. Qe3 Kg7 32. Qa7+ Kh6 33. Kh3 Rxa2 34. Qb6 Be5 35. Qe3+ 1-0

[Event "RD-2015-0-00119"]
[Site "LSS email"]
[Date "2015.09.16"]
[Round "?"]
[White "Henke, Simon"]
[Black "Rodriguez, Elsiomo"]
[Result "0-1"]
[WhiteElo "1566"]
[BlackElo "1755"]
[PlyCount "108"]
[EventDate "2015.06.13"]
[EventType "tourn (corr)"]
[EventRounds "6"]
[EventCountry "GER"]
[SourceTitle "Corr 2022"]
[Source "ChessBase"]
[SourceDate "2021.10.24"]
[SourceVersion "1"]
[SourceVersionDate "2021.10.24"]
[SourceQuality "1"]

1. Nf3 d5 2. c4 c6 3. g3 Nf6 4. Bg2 dxc4 5. Na3 Qd5 6. 0-0 g6 7. Qc2 Qf5 8. Qxc4 Nbd7 9. d3 Nb6 10. Qc2 Qh5 11. Nc4 Bg7 12. Bd2 0-0 13. Bc3 Nbd5 14. Bd4 Rd8 15. e4 Nb6 16. Nxb6 axb6 17. Bxb6 Re8 18. a3 Bg4 19. Nd2 Be6 20. a4 Nd7 21. Be3 Ne5 22. f3 Bh6 23. Bb6 Ra6 24. a5 Nd7 25. Bd4 Rxa5 26. b4 Raa8 27. Qc3 Qb5 28. Nc4 Red8 29. Na3 Qh5 30. Nc2 Bf8 31. Ne3 Qb5 32. f4 Ba2 33. Qd2 c5 34. Bxc5 Nxc5 35. bxc5 Rxd3 36. Qe2 Raa3 37. Kh1 Qb4 38. Nd5 Bxd5 39. exd5 Qxc5 40. Rab1 Rdb3 41. Rxb3 Rxb3 42. f5 b5 43. fxg6 hxg6 44. Qe4 Bg7 45. d6 Qxd6 46. Qd5 Re3 47. Qxf7+ Kh7 48. Bd5 Re5 49. Bg2 b4 50. Rb1 Re3 51. Qf2 Qe6 52. Rxb4 Re1+ 53. Bf1 Qd5+ 54. Kg1 Rd1 0-1

[Event "RD-2015-0-00119"]
[Site "LSS email"]
[Date "2015.09.16"]
[Round "?"]
[White "Rodriguez, Elsiomo"]
[Black "Sirotkin, Evgenji"]
[Result "0-1"]
[WhiteElo "1755"]
[BlackElo "1639"]
[PlyCount "76"]
[EventDate "2015.06.13"]
[EventType "tourn (corr)"]
[EventRounds "6"]
[EventCountry "GER"]
[SourceTitle "Corr 2022"]
[Source "ChessBase"]
[SourceDate "2021.10.24"]
[SourceVersion "1"]
[SourceVersionDate "2021.10.24"]
[SourceQuality "1"]

1. e4 e5 2. f4 exf4 3. Nf3 d6 4. d4 g5 5. h4 g4 6. Ng1 Bh6 7. Nc3 Nc6 8. Qd3 Bd7 9. Nd5 f5 10. Ne2 Nf6 11. Bxf4 Bxf4 12. Nexf4 Nxe4 13. 0-0-0 Ne7 14. Nxe7 Qxe7 15. Nd5 Qd8 16. Nc3 Nxc3 17. Qxc3 0-0 18. Kb1 c6 19. Qb3+ Rf7 20. Qxb7 Rb8 21. Qa6 f4 22. Qa3 Qf6 23. Qxa7 Re8 24. Qa5 f3 25. gxf3 gxf3 26. a4 f2 27. Qg5+ Qxg5 28. hxg5 Rfe7 29. Rc1 Re1 30. b4 d5 31. Kb2 Rxc1 32. Kxc1 Re1+ 33. Kd2 Bf5 34. a5 Be4 35. Rh2 Rxf1 36. Ke3 Bxc2 37. Rxf2 Rxf2 38. Kxf2 Bd3 0-1

[Event "BI-2015-P-0000"]
[Site "LSS email"]
[Date "2015.04.16"]
[Round "?"]
[White "Malyszek, Tomasz"]
[Black "Rodriguez, Elsiomo"]
[Result "0-1"]
[WhiteElo "1097"]
[BlackElo "1792"]
[PlyCount "48"]
[EventDate "2015.04.22"]
[EventType "tourn (corr)"]
[EventRounds "10"]
[EventCountry "GER"]
[SourceTitle "Corr 2022"]
[Source "ChessBase"]
[SourceDate "2021.10.24"]
[SourceVersion "1"]
[SourceVersionDate "2021.10.24"]
[SourceQuality "1"]

1. e4 e6 2. d4 d5 3. e5 c5 4. dxc5 Nc6 5. Nf3 Bxc5 6. Bb5 Nge7 7. Bg5 Qb6 8. Bxc6+ Nxc6 9. 0-0 Qxb2 10. Nbd2 Nxe5 11. Nxe5 Qxe5 12. Nf3 Qc7 13. Re1 0-0 14. Qc1 f6 15. Bd2 e5 16. h3 d4 17. Rf1 Be6 18. c3 d3 19. a4 Rfd8 20. Be3 Rac8 21. Bd2 Qf7 22. Be3 Bb4 23. Bxa7 Bxc3 24. Rb1 Bd4 0-1

[Event "BI-2015-P-0000"]
[Site "LSS email"]
[Date "2015.04.16"]
[Round "?"]
[White "Rodriguez, Elsiomo"]
[Black "Neumann, Ulf"]
[Result "1/2-1/2"]
[WhiteElo "1792"]
[BlackElo "2038"]
[PlyCount "76"]
[EventDate "2015.04.22"]
[EventType "tourn (corr)"]
[EventRounds "10"]
[EventCountry "GER"]
[SourceTitle "Corr 2022"]
[Source "ChessBase"]
[SourceDate "2021.10.24"]
[SourceVersion "1"]
[SourceVersionDate "2021.10.24"]
[SourceQuality "1"]

1. e4 c6 2. d4 d5 3. e5 c5 4. dxc5 e6 5. Be3 Ne7 6. c3 Nd7 7. Nf3 Nc6 8. Bb5 Bxc5 9. Bxc5 Nxc5 10. 0-0 0-0 11. Nbd2 Bd7 12. Qe2 Ne7 13. Nb3 Qb6 14. Bxd7 Nxd7 15. Rad1 Rfc8 16. Rd4 a5 17. Ra4 Qc7 18. Nbd4 Qb8 19. Ra3 Nb6 20. Rb3 Nc4 21. Re1 Ng6 22. Nb5 Nf8 23. Nd2 Nd7 24. f4 Nxd2 25. Qxd2 Nc5 26. Ra3 Ne4 27. Qe3 b6 28. Rb3 Rc5 29. a4 Qd8 30. Ra3 Rac8 31. Raa1 Qd7 32. Rad1 Qe7 33. Rf1 g6 34. Rfe1 Kg7 35. Re2 Kh8 36. Rc2 f6 37. exf6 Qxf6 38. Re2 Rf8 1/2-1/2

[Event "BI-2015-P-0000"]
[Site "LSS email"]
[Date "2015.04.16"]
[Round "?"]
[White "Rodriguez, Elsiomo"]
[Black "Oliveira, Diogo"]
[Result "1/2-1/2"]
[WhiteElo "1792"]
[BlackElo "2219"]
[PlyCount "67"]
[EventDate "2015.04.22"]
[EventType "tourn (corr)"]
[EventRounds "10"]
[EventCountry "GER"]
[SourceTitle "Corr 2022"]
[Source "ChessBase"]
[SourceDate "2021.10.24"]
[SourceVersion "1"]
[SourceVersionDate "2021.10.24"]
[SourceQuality "1"]

1. e4 e6 2. d4 d5 3. Bd3 dxe4 4. Bxe4 Nf6 5. Bf3 c5 6. Ne2 Be7 7. Nbc3 0-0 8. 0-0 Nc6 9. Be3 Qa5 10. Qe1 cxd4 11. Nxd4 Ne5 12. Be2 Qc7 13. h3 a6 14. Rd1 Nc4 15. Bxc4 Qxc4 16. Bf4 b5 17. b3 Qc5 18. Ne4 Qb6 19. Nxf6+ Bxf6 20. Be5 Bxe5 21. Qxe5 Bb7 22. Rd3 Rad8 23. Rfd1 Rd5 24. Qe3 Rc8 25. Nf5 Qxe3 26. Nxe3 Rxd3 27. Rxd3 f5 28. Rd7 Be4 29. c4 f4 30. Rd4 Bb1 31. Rxf4 Bxa2 32. cxb5 axb5 33. Rb4 Rc1+ 34. Kh2 1/2-1/2